000 00667nam a22001937a 4500
005 20130729142700.0
010 _aB-516070-095
020 _a9788184823240
_c900.00
035 _aB-516070-095
037 _aUBH/Ven
_bdpl
082 _aS
245 _aGods and Goddesses:
_bfrom the epics and mythology of India/
_cedited by Anant Pai
260 _aMumbai
_bAmar Chitra Katha
_c2012
270 _aKrishna House 3rd Floor, Raghuvanshi Mill
_bMumbai
_e400013
300 _avarious pages
_bcol.ill.
_c23cm(Hb)
500 _aAmar Chitra Katha
942 _2ddc
_cCH
_hS
_mGOD
999 _c78159
_d78159